Music Quiz

Random Music or Artist Quiz

Different artists, same title Quiz Stats

 Plays Quiz not verified by Sporcle

Challenge
Share
Tweet
Embed
Score 0/42 Timer 05:00
0 Plays Today
Song Title Artist % Correct
BadMichael Jackson
86.7%
CreepRadiohead
69%
JumpVan Halen
66.4%
BadU2
63.7%
OneU2
62.8%
Somebody to LoveQueen
57.5%
Sweet DreamsEurythmics
54%
ParanoidBlack Sabbath
51.3%
I Want You BackThe Jackson 5
49.6%
LuckyBritney Spears
49.6%
StrongerBritney Spears
48.7%
OneMetallica
46%
CrazyGnarls Barkley
43.4%
Wild ThingThe Troggs
43.4%
CreepTLC
38.1%
SupermanFive for Fighting
36.3%
ManeaterHall & Oates
34.5%
ManeaterNelly Furtado
33.6%
Somebody to LoveJefferson Airplane
32.7%
Sunday MorningMaroon 5
32.7%
Forever YoungRod Stewart
30.1%
Song Title Artist % Correct
All My LifeFoo Fighters
29.2%
JumpPointer Sisters
28.3%
StrongerKanye West
28.3%
Wild ThingTone Loc
26.5%
I Want You Back'NSync
26.5%
Head Over HeelsTears for Fears
23%
CrazySeal
22.1%
All My LifeK-Ci & JoJo
21.2%
Forever YoungAlphaville
20.4%
LuckyJason Mraz & Colbie Caillat
20.4%
Sunday MorningNo Doubt
19.5%
EscapeRupert Holmes
16.8%
EscapeEnrique Iglesias
16.8%
MagicThe Cars
16.8%
I Do98 Degrees
15.9%
ParanoidJonas Brothers
14.2%
Head Over HeelsThe GoGos
12.4%
MagicPilot
12.4%
I DoLisa Loeb
11.5%
SupermanREM
11.5%
Sweet DreamsLa Bouche
9.7%

You're not logged in!

Compare scores with friends on all Sporcle quizzes.
Join for Free
OR
Log In

You Might Also Like...

Show Comments

Extras

Created Oct 24, 2010ReportNominate
Tags:Artist Quiz, Song Quiz

Top Quizzes Today


Score Distribution

Your Account Isn't Verified!

In order to create a playlist on Sporcle, you need to verify the email address you used during registration. Go to your Sporcle Settings to finish the process.

Report this User

Report this user for behavior that violates our Community Guidelines.

Details: